000 00283nam a22001337a 4500
008 170928b xxu||||| |||| 00| 0 eng d
020 _a9780470748176
041 _aeng
080 _212TH
_a37
100 _a47
101 _aEDU
245 _aGMAT REVIEW
_cWILEY,J
942 _2udc
_cBK
999 _c30489
_d30489